| 000 | 00524nam a2200205Ia 4500 | ||
|---|---|---|---|
| 008 | 170918s9999 xx 000 0 und d | ||
| 020 | _a8130904578 | ||
| 050 | _bB655fr 2007 | ||
| 100 | _aBloom, Harold | ||
| 245 | _aFranz Kafka's : | ||
| 245 | _bthe metamorphosis / | ||
| 245 | _cby Harold Bloom. | ||
| 260 | _aNew Delhi : | ||
| 260 | _bViva Books Private Limited, | ||
| 260 | _c2007 | ||
| 300 | _a149 pages : | ||
| 300 | _billustrations ; | ||
| 300 | _c23cm. | ||
| 300 | _eViva modern critical interpretations | ||
| 999 |
_c343747 _d343747 |
||